书目信息 |
| 题名: |
“后奥运时代”我国省级体育工作绩效评价研究
|
|
| 作者: | 李宗浩 , 肖林鹏 著 | |
| 分册: | ||
| 出版信息: | 北京 北京体育大学出版社 2015 |
|
| 页数: | 178页 | |
| 开本: | 23cm | |
| 丛书名: | ||
| 单 册: | ||
| 中图分类: | G812.7 | |
| 科图分类: | ||
| 主题词: | 省--体育工作--评价指标--研究--中国 | |
| 电子资源: | ||
| ISBN: | 978-7-5644-2099-4 | |
| 000 | 01037nam0 2200241 450 | |
| 001 | 3908 | |
| 005 | 20180527203911.98 | |
| 010 | @a978-7-5644-2099-4@dCNY36.00 | |
| 100 | @a20151224d2015 em y0chiy50 ea | |
| 101 | 0 | @achi |
| 102 | @aCN@b110000 | |
| 105 | @ay z 000yy | |
| 200 | 1 | @a“后奥运时代”我国省级体育工作绩效评价研究@9“ hou ao yun shi dai” wo guo sheng ji ti yu gong zuo ji xiao ping jia yan jiu@b专著@f李宗浩,肖林鹏等著 |
| 210 | @a北京@c北京体育大学出版社@d2015 | |
| 215 | @a178页@d23cm | |
| 300 | @a国家社会科学基金项目成果 天津体育学院创新团队培养(培育)计划资助 | |
| 330 | @a本书主要内容包括:“后奥运时代”我国省级体育工作绩效评价的形势与背景研究、我国公共体育需求的发展演变特征研究、国外政府工作绩效评价的基本状况及其启示研究、“后奥运时代”我国省级体育工作的特征研究等。 | |
| 606 | 0 | @a省@x体育工作@x评价指标@x研究@y中国 |
| 690 | @aG812.7@v5 | |
| 701 | 0 | @a李宗浩@9li zong hao@f(1950-)@4著 |
| 701 | 0 | @a肖林鹏@9xiao lin peng@f(1973.3-)@4著 |
| 801 | 0 | @aCN@b91MARC@c20160302 |
| 905 | @aMuseLib@dG812.7@e84 | |
| “后奥运时代”我国省级体育工作绩效评价研究/李宗浩,肖林鹏等著.-北京:北京体育大学出版社,2015 |
| 178页;23cm |
| 国家社会科学基金项目成果 天津体育学院创新团队培养(培育)计划资助 |
| ISBN 978-7-5644-2099-4:CNY36.00 |
| 本书主要内容包括:“后奥运时代”我国省级体育工作绩效评价的形势与背景研究、我国公共体育需求的发展演变特征研究、国外政府工作绩效评价的基本状况及其启示研究、“后奥运时代”我国省级体育工作的特征研究等。 |
| ● |
| 相关链接 |
|
|
|
|
正题名:"后奥运时代"我国省级体育工作绩效评价研究
索取号:G812.7/84
 
预约/预借
| 序号 | 登录号 | 条形码 | 馆藏地/架位号 | 状态 | 备注 |
| 1 | 1111118 | 211111189 | 第一样本阅览室/ [索取号:G812.7/84] | 在馆 | |
| 2 | 1111119 | 211111198 | 教育系资料室/ [索取号:G812.7/84] | 在馆 | |
| 3 | 1111120 | 211111205 | 教育系资料室/ [索取号:G812.7/84] | 在馆 | |
| 4 | 1111121 | 211111214 | 第四借阅区/ [索取号:G812.7/84] | 在馆 |